Missing Word: Helen Mirren Quiz Stats

 Plays Quiz Updated Feb 27, 2013

Challenge
Share
Tweet
Embed
Score 0/18 Timer 03:00
0 Plays Today
Movie Missing Word % Correct
Hitchhiker's _____ to the Galaxy*Guide
96.8%
National _______: Book of SecretsTreasure
89%
Gosford ____Park
76.2%
Calendar ______Girls
73.3%
The _____ of Egypt*Prince
67.6%
Where Angels ____ to TreadFear
61.5%
The Cook, the Thief, His ____ & Her LoverWife
61.3%
The Fiendish Plot of Dr. Fu _____Manchu
51.3%
______ of PlayState
50.7%
Movie Missing Word % Correct
The Mosquito _____Coast
42.4%
The _______ of King GeorgeMadness
40.7%
Legend of the Guardians: The ____ of Ga'Hoole*Owls
31.4%
_______ Mrs. TingleTeaching
24.6%
Monster __________*University
24.6%
___ in the SkyEye
22.9%
The _____ StationLast
18.6%
Collateral _____Beauty
18.2%
Woman in ____Gold
14.1%

Today's Daily Dose

Missing Word
Biopics

Word Ladder
Food Idioms

Quick Pick
Diets

On This Day
December 18th II

You're not logged in!

Compare scores with friends on all Sporcle quizzes.
OR
Log In

You Might Also Like...

Show Comments

Extras

Top Quizzes Today


Score Distribution

Your Account Isn't Verified!

In order to create a playlist on Sporcle, you need to verify the email address you used during registration. Go to your Sporcle Settings to finish the process.

Report this User

Report this user for behavior that violates our Community Guidelines.

Details: